[Event "Bad Woerishofen op-A"]
[Site "Bad Woerishofen"]
[Date "2024.03.08"]
[Round "1"]
[White "Milov, Leonid"]
[Black "Bartels, Holger"]
[Result "1-0"]
[WhiteElo "2415"]
[BlackElo "2011"]
[PlyCount "89"]
[EventDate "2024.03.08"]
[EventType "swiss"]
[EventRounds "9"]
[EventCountry "GER"]
[SourceTitle "EXT 2025"]
[Source "ChessBase"]
[SourceDate "2024.10.14"]
[SourceVersion "1"]
[SourceVersionDate "2024.10.14"]
[SourceQuality "1"]

1. e4 c5 2. Nf3 e6 3. Nc3 Nc6 4. d4 cxd4 5. Nxd4 a6 6. Nxc6 bxc6 7. Bd3 e5 8. 0-0 Nf6 9. f4 Bc5+ 10. Kh1 d6 11. Qe1 exf4 12. e5 dxe5 13. Qxe5+ Qe7 14. Bxf4 Qxe5 15. Bxe5 Be7 16. Ne4 Be6 17. Nxf6+ gxf6 18. Bxf6 Bxf6 19. Rxf6 Kf8 20. Re1 Kg7 21. Rf4 Rhe8 22. b3 a5 23. Re3 a4 24. Rg3+ Kf8 25. h3 axb3 26. axb3 Ra1+ 27. Kh2 h6 28. Re3 Bd5 29. Rxe8+ Kxe8 30. Rf1 Ra2 31. Rf6 Ra1 32. Rxh6 Rd1 33. g4 Bxb3 34. Rxc6 Bd5 35. Rd6 Bc4 36. Kg3 Rd2 37. h4 Ke7 38. Rd4 Ba2 39. Re4+ Kf8 40. Rf4 Bb1 41. Bc4 Rd7 42. Bb3 Rc7 43. Rf2 Kg7 44. g5 Kg6 45. Kg4 1-0

[Event "Bad Woerishofen op 38th"]
[Site "Bad Woerishofen"]
[Date "2023.03.06"]
[Round "4"]
[White "Van den Bersselaar, Jeroen"]
[Black "Bartels, Holger"]
[Result "1-0"]
[WhiteElo "2103"]
[BlackElo "2020"]
[PlyCount "47"]
[EventDate "2023.03.03"]
[EventType "swiss"]
[EventRounds "9"]
[EventCountry "GER"]
[SourceTitle "CBM 213 Extra"]
[Source "ChessBase"]
[SourceDate "2023.05.31"]
[SourceVersion "1"]
[SourceVersionDate "2023.05.31"]
[SourceQuality "1"]

1. c4 e5 2. g3 Nf6 3. Bg2 d5 4. cxd5 Nxd5 5. Nf3 Nc6 6. 0-0 Nb6 7. b3 Be7 8. Bb2 f6 9. Nc3 0-0 10. Rc1 Be6 11. Ne4 Nd7 12. d4 f5 13. Neg5 Bxg5 14. Nxg5 Qxg5 15. d5 Qe7 16. dxc6 bxc6 17. Rxc6 Nb6 18. Bxe5 Rac8 19. Qa1 Bd5 20. Bxd5+ Nxd5 21. Rd1 Nf6 22. Qc3 Ng4 23. Qc4+ Qf7 24. Bxc7 1-0

[Event "Arber op 5th"]
[Site "Bodenmais"]
[Date "2016.08.03"]
[Round "5"]
[White "Bartels, Holger"]
[Black "Hopman, Pieter"]
[Result "0-1"]
[WhiteElo "2111"]
[BlackElo "2363"]
[PlyCount "77"]
[EventDate "2016.07.30"]
[EventType "swiss"]
[EventRounds "9"]
[EventCountry "GER"]
[SourceTitle "CBM 173 Extra"]
[Source "ChessBase"]
[SourceDate "2016.08.29"]
[SourceVersion "1"]
[SourceVersionDate "2016.08.29"]
[SourceQuality "1"]

1. e4 d6 2. d4 Nf6 3. f3 d5 4. e5 Nfd7 5. f4 c5 6. c3 Nc6 7. Nf3 cxd4 8. cxd4 Nb6 9. Nc3 Bg4 10. Be3 e6 11. Be2 Bb4 12. 0-0 Bxc3 13. bxc3 0-0 14. Nd2 Bxe2 15. Qxe2 Rc8 16. f5 exf5 17. Rxf5 Ne7 18. Bg5 Qd7 19. Rf3 Ng6 20. Qe3 Rce8 21. Qf2 h6 22. Bh4 Rc8 23. Bg3 Rc6 24. Rf1 Na4 25. Nb1 Rb6 26. Qe3 Rc6 27. Qf2 Ra6 28. Qc2 Rb6 29. Qf5 Qxf5 30. Rxf5 Rb2 31. R5f2 Rc8 32. Rxb2 Nxb2 33. Rf2 Na4 34. Rf3 Nf8 35. Kf1 Ne6 36. Ke2 Rc6 37. Kd3 Rb6 38. Na3 Ng5 39. Rf1 0-1

[Event "Bad Woerishofen op 28th"]
[Site "Bad Woerishofen"]
[Date "2012.03.10"]
[Round "9"]
[White "Bartels, Holger"]
[Black "Bauder, Herbert"]
[Result "1/2-1/2"]
[WhiteElo "2122"]
[BlackElo "1932"]
[PlyCount "48"]
[EventDate "2012.03.02"]
[EventType "swiss"]
[EventRounds "9"]
[EventCountry "GER"]
[SourceTitle "EXT 2019"]
[Source "ChessBase"]
[SourceDate "2018.10.10"]
[SourceVersion "1"]
[SourceVersionDate "2018.10.10"]
[SourceQuality "1"]

1. e4 c5 2. Nf3 Nc6 3. d4 cxd4 4. Nxd4 Nf6 5. Nc3 e5 6. Ndb5 d6 7. Nd5 Nxd5 8. exd5 Nb8 9. c4 Be7 10. Be2 0-0 11. 0-0 Nd7 12. Be3 b6 13. f4 a6 14. Nc3 f5 15. fxe5 Nxe5 16. Qd2 Bf6 17. Rac1 Bd7 18. b3 g5 19. g3 Rb8 20. a4 Qe7 21. Kh1 Rfe8 22. Rce1 Qg7 23. Na2 a5 24. Rd1 g4 1/2-1/2

[Event "Bad Woerishofen op 28th"]
[Site "Bad Woerishofen"]
[Date "2012.03.09"]
[Round "8"]
[White "Marian, Hartmut"]
[Black "Bartels, Holger"]
[Result "1-0"]
[WhiteElo "2047"]
[BlackElo "2122"]
[PlyCount "143"]
[EventDate "2012.03.02"]
[EventType "swiss"]
[EventRounds "9"]
[EventCountry "GER"]
[SourceTitle "EXT 2019"]
[Source "ChessBase"]
[SourceDate "2018.10.10"]
[SourceVersion "1"]
[SourceVersionDate "2018.10.10"]
[SourceQuality "1"]

1. d4 d5 2. c4 e6 3. Nc3 Nf6 4. cxd5 exd5 5. Bg5 Be7 6. e3 c6 7. Bd3 0-0 8. Nge2 Nbd7 9. Qc2 Re8 10. 0-0 Nf8 11. f3 g6 12. Rad1 Ne6 13. Bh4 a6 14. f4 Ng4 15. Bf2 Bf6 16. h3 Nxf2 17. Kxf2 c5 18. f5 Ng7 19. fxg6 hxg6 20. Kg1 Bg5 21. dxc5 Bxe3+ 22. Kh1 Qh4 23. Ng1 Bf5 24. Nf3 Qd8 25. g4 Be6 26. Be4 Qc7 27. Nxd5 Bxd5 28. Bxd5 Ne6 29. c6 Rac8 30. Nd4 Bxd4 31. Rxd4 bxc6 32. Rc4 Qg3 33. Bg2 c5 34. Qa4 Nd4 35. Rxc5 Rcd8 36. Rd5 Ne2 37. Rxd8 Rxd8 38. Qc4 Qe3 39. Qxf7+ Kh8 40. Qf6+ Kh7 41. Qxd8 Ng3+ 42. Kh2 Nxf1+ 43. Bxf1 Qf2+ 44. Bg2 Qf4+ 45. Kg1 Qe3+ 46. Kf1 Qf4+ 47. Ke2 Qe5+ 48. Kd1 Qxb2 49. Qd7+ Kh8 50. Qd2 Qa1+ 51. Ke2 Qe5+ 52. Kf3 Qf6+ 53. Qf4 Qc3+ 54. Qe3 Qf6+ 55. Kg3 Kh7 56. h4 Qd6+ 57. Kh3 Kg7 58. Qc3+ Kg8 59. Qc4+ Kg7 60. Qd5 Qb6 61. Kh2 a5 62. Qe5+ Kh7 63. Bd5 Qb4 64. Qe4 Qd2+ 65. Qg2 Qe1 66. Kh3 Qe7 67. Qf3 Kg7 68. g5 Qd7+ 69. Kg2 Qe7 70. Qf6+ Qxf6 71. gxf6+ Kxf6 72. Kf3 1-0

[Event "Bad Woerishofen op 24th"]
[Site "Bad Woerishofen"]
[Date "2008.03.01"]
[Round "3"]
[White "Bartels, Holger"]
[Black "Wacker, Peter"]
[Result "1-0"]
[WhiteElo "2133"]
[BlackElo "2269"]
[PlyCount "45"]
[EventDate "2008.02.28"]
[EventType "swiss"]
[EventRounds "9"]
[EventCountry "GER"]
[SourceTitle "CBM 123 Extra"]
[Source "ChessBase"]
[SourceDate "2008.05.06"]
[SourceVersion "1"]
[SourceVersionDate "2008.05.06"]
[SourceQuality "1"]

1. e4 c5 2. Nf3 Nc6 3. d4 cxd4 4. Nxd4 Qb6 5. Nb3 Nf6 6. Nc3 e6 7. Be3 Qc7 8. Bd3 d6 9. 0-0 a6 10. f4 Be7 11. Qf3 b5 12. e5 Nd7 13. exd6 Bxd6 14. Bxb5 Bb7 15. Rad1 Bb4 16. Bd3 Bxc3 17. bxc3 Nce5 18. Qe2 Nxd3 19. Qxd3 Bd5 20. Rfe1 Bc4 21. Qd4 Nf6 22. Nc5 Bxa2 23. Qa4+ 1-0

[Event "Bayern-chI Bank Hofmann 11th"]
[Site "Bad Wiessee"]
[Date "2007.11.14"]
[Round "5"]
[White "Dukaczewski, Piotr"]
[Black "Bartels, Holger"]
[Result "0-1"]
[WhiteElo "2298"]
[BlackElo "2143"]
[PlyCount "56"]
[EventDate "2007.11.10"]
[EventType "swiss"]
[EventRounds "9"]
[EventCountry "GER"]
[SourceTitle "CBM 121 Extra"]
[Source "ChessBase"]
[SourceDate "2008.01.10"]
[SourceVersion "1"]
[SourceVersionDate "2008.01.10"]
[SourceQuality "1"]

1. e4 c5 2. Nf3 e6 3. d4 cxd4 4. Nxd4 Qb6 5. Nb3 Nc6 6. Nc3 Nf6 7. Be3 Qc7 8. a3 a6 9. f4 d6 10. g4 b5 11. g5 Nd7 12. Bg2 Bb7 13. 0-0 Be7 14. f5 Nce5 15. fxe6 fxe6 16. Nd4 Nf8 17. Rxf8+ Bxf8 18. Nxe6 Qf7 19. Nd5 Rc8 20. Bh3 h6 21. Nxf8 hxg5 22. Bxc8 Bxc8 23. Nf4 gxf4 24. Qxd6 Nf3+ 25. Kf1 Qc4+ 26. Kf2 Rxh2+ 27. Kxf3 Qe2+ 28. Kxf4 Rh4+ 0-1

[Event "Bayern-chI Bank Hofmann 10th"]
[Site "Bad Wiessee"]
[Date "2006.11.11"]
[Round "8"]
[White "Bartels, Holger"]
[Black "Loew, Gerald"]
[Result "0-1"]
[WhiteElo "2152"]
[BlackElo "2263"]
[PlyCount "68"]
[EventDate "2006.11.04"]
[EventType "swiss"]
[EventRounds "9"]
[EventCountry "GER"]
[SourceTitle "EXT 2007"]
[Source "ChessBase"]
[SourceDate "2006.11.23"]
[SourceVersion "1"]
[SourceVersionDate "2006.11.23"]
[SourceQuality "1"]

1. e4 c5 2. Nf3 g6 3. d4 cxd4 4. Qxd4 Nf6 5. e5 Nc6 6. Qc4 d5 7. exd6 Qxd6 8. Nc3 Be6 9. Nb5 Qd7 10. Qa4 a6 11. Bf4 Rc8 12. Rd1 axb5 13. Bxb5 Bd5 14. 0-0 Qf5 15. Rfe1 Bxf3 16. gxf3 g5 17. Bg3 Bg7 18. Re5 Qh3 19. Bf1 Qh6 20. Rxe7+ Kxe7 21. Qa3+ Ke8 22. Qd6 Bf8 23. Re1+ Be7 24. Qd3 Kf8 25. Qb5 Kg7 26. Qxb7 Bc5 27. c3 Qg6 28. b4 Qf5 29. bxc5 Qxc5 30. Qb3 Rhe8 31. Rxe8 Rxe8 32. Qc4 Qxc4 33. Bxc4 Re1+ 34. Kg2 h5 0-1

[Event "Dresden ZMD op"]
[Site "Dresden"]
[Date "2005.07.31"]
[Round "9"]
[White "Krug, Reinhard"]
[Black "Bartels, Holger"]
[Result "1-0"]
[WhiteElo "2058"]
[BlackElo "2159"]
[PlyCount "79"]
[EventDate "2005.07.23"]
[EventType "swiss"]
[EventRounds "9"]
[EventCountry "GER"]
[SourceTitle "EXT 2006"]
[Source "ChessBase"]
[SourceDate "2005.11.24"]
[SourceVersion "1"]
[SourceVersionDate "2005.11.24"]
[SourceQuality "1"]

1. d4 d5 2. Nf3 Nf6 3. c4 e6 4. Nc3 Be7 5. Bg5 0-0 6. e3 Nbd7 7. Bd3 dxc4 8. Bxc4 c5 9. 0-0 a6 10. a3 b5 11. Ba2 Bb7 12. Qe2 cxd4 13. exd4 Nb6 14. Rfe1 Nfd5 15. Ne4 h6 16. Bd2 Nf6 17. Nc5 Bd5 18. Bb1 Nc4 19. Bf4 Qb6 20. Ne5 Nxe5 21. Bxe5 Rfc8 22. b4 a5 23. Bd3 axb4 24. axb4 Bxc5 25. dxc5 Qb7 26. Bxf6 gxf6 27. Qg4+ Kf8 28. Bf1 Ke7 29. Rxa8 Rxa8 30. g3 Rg8 31. Qf4 e5 32. Qxh6 e4 33. Bg2 f5 34. Qf4 Rg6 35. Qxf5 Rf6 36. Qe5+ Re6 37. Qg5+ Kd7 38. Bh3 Qa6 39. Qxd5+ Ke7 40. Bxe6 1-0

[Event "Bad Woerishofen op 21st"]
[Site "Bad Woerishofen"]
[Date "2005.03.04"]
[Round "2"]
[White "Siebrecht, Sebastian"]
[Black "Bartels, Holger"]
[Result "1-0"]
[WhiteElo "2405"]
[BlackElo "2175"]
[PlyCount "105"]
[EventDate "2005.03.03"]
[EventType "swiss"]
[EventRounds "9"]
[EventCountry "GER"]
[SourceTitle "EXT 2006"]
[Source "ChessBase"]
[SourceDate "2005.11.24"]
[SourceVersion "1"]
[SourceVersionDate "2005.11.24"]
[SourceQuality "1"]

1. Nf3 Nf6 2. c4 c5 3. Nc3 Nc6 4. g3 b6 5. d4 cxd4 6. Nxd4 Nxd4 7. Qxd4 Bb7 8. e4 g6 9. Bg2 Bg7 10. 0-0 0-0 11. e5 Bxg2 12. Kxg2 Ne8 13. Rd1 d6 14. Bf4 Qb8 15. Re1 dxe5 16. Bxe5 Bxe5 17. Qxe5 Qxe5 18. Rxe5 e6 19. Rd1 Nf6 20. Re2 Rfd8 21. Red2 Rxd2 22. Rxd2 Kf8 23. f4 Ke7 24. Kf3 Rc8 25. b3 Rc6 26. g4 h6 27. h4 h5 28. g5 Ne8 29. Ne4 Ng7 30. Nf6 Rc7 31. Ng8+ Ke8 32. Nh6 Ke7 33. Ke4 Rc8 34. Rd4 Rh8 35. Ke5 Rc8 36. b4 Nf5 37. Nxf5+ gxf5 38. c5 bxc5 39. Rc4 Rd8 40. Rxc5 Rd7 41. a4 Rb7 42. b5 Rd7 43. a5 Rb7 44. Kd4 Rd7+ 45. Kc4 Kd8 46. b6 a6 47. Rc6 Rb7 48. Kc5 Re7 49. Rd6+ Kc8 50. Kc6 e5 51. fxe5 f4 52. Rf6 Re6+ 53. Rxe6 1-0

[Event "Bad Zwesten op 9th"]
[Site "Bad Zwesten"]
[Date "2005.01.06"]
[Round "7"]
[White "Bartels, Holger"]
[Black "Kehres, Thomas"]
[Result "1-0"]
[WhiteElo "2177"]
[BlackElo "1811"]
[PlyCount "71"]
[EventDate "2005.01.02"]
[EventType "swiss"]
[EventRounds "9"]
[EventCountry "GER"]
[SourceTitle "CBM 104 Extra"]
[Source "ChessBase"]
[SourceDate "2005.03.01"]
[SourceVersion "1"]
[SourceVersionDate "2005.03.01"]
[SourceQuality "1"]

1. e4 c6 2. d4 d5 3. exd5 cxd5 4. c4 Nf6 5. Nc3 Nc6 6. Bg5 Be6 7. Bxf6 gxf6 8. g3 Qd7 9. Bg2 Bg4 10. f3 Be6 11. Nge2 dxc4 12. d5 Nb4 13. dxe6 Nd3+ 14. Kf1 fxe6 15. Qa4 Qxa4 16. Nxa4 Rc8 17. Nac3 a6 18. f4 Rc7 19. a4 f5 20. Bf3 Bg7 21. Bh5+ Kd7 22. Rb1 e5 23. fxe5 Bxe5 24. Kg2 Rc5 25. Bf3 Rc7 26. Rhd1 Kc8 27. b3 Bxc3 28. Nxc3 Ne5 29. Nd5 c3 30. Rbc1 c2 31. Rd2 Rc5 32. Nxe7+ Kb8 33. Rcxc2 Nxf3 34. Kxf3 Re5 35. Re2 Re4 36. Nxf5 1-0

[Event "Bad Zwesten op 8th"]
[Site "Bad Zwesten"]
[Date "2004.01.03"]
[Round "3"]
[White "Donchenko, Anatoly G"]
[Black "Bartels, Holger"]
[Result "1-0"]
[WhiteElo "2410"]
[BlackElo "2133"]
[PlyCount "65"]
[EventDate "2004.01.??"]
[EventType "swiss"]
[EventRounds "9"]
[EventCountry "GER"]
[SourceTitle "CBM 098 Extra"]
[Source "ChessBase"]
[SourceDate "2004.03.10"]
[SourceVersion "2"]
[SourceVersionDate "2004.03.10"]
[SourceQuality "1"]

1. d4 d5 2. c4 e6 3. Nf3 Nf6 4. Nc3 Be7 5. g3 dxc4 6. Bg2 Nc6 7. Qa4 0-0 8. Qxc4 Nb4 9. 0-0 Rb8 10. a3 Nbd5 11. Ne5 Nb6 12. Qd3 Nbd7 13. Nc4 Nb6 14. Na5 Qd7 15. Rd1 Rd8 16. Qc2 Nbd5 17. Na4 Qb5 18. b4 Bd7 19. Nc5 Bxc5 20. dxc5 b6 21. Nb3 bxc5 22. Nxc5 Bc6 23. e4 Nxb4 24. axb4 Rxd1+ 25. Qxd1 Qxb4 26. Na6 Qb3 27. Bf4 Qxd1+ 28. Rxd1 Rc8 29. f3 Nd7 30. Bxc7 Bb5 31. Bf1 Bxa6 32. Rxd7 Bxf1 33. Kxf1 1-0

[Event "Bad Zwischenahn op 1st"]
[Site "Bad Zwischenahn"]
[Date "2004.??.??"]
[Round "7"]
[White "Gutman, Lev"]
[Black "Bartels, Holger"]
[Result "1-0"]
[WhiteElo "2407"]
[BlackElo "2095"]
[PlyCount "73"]
[EventDate "2004.07.30"]
[EventType "swiss"]
[EventRounds "9"]
[EventCountry "GER"]
[SourceTitle "EXT 2006"]
[Source "ChessBase"]
[SourceDate "2005.11.24"]
[SourceVersion "1"]
[SourceVersionDate "2005.11.24"]
[SourceQuality "1"]

1. Nf3 Nf6 2. g3 b5 3. Bg2 Bb7 4. 0-0 c5 5. c3 e6 6. d4 cxd4 7. cxd4 Be7 8. Bg5 0-0 9. Qd3 Qb6 10. Nc3 b4 11. Na4 Qa5 12. Bxf6 Ba6 13. Qd2 Bxf6 14. Nc5 d5 15. a3 Qb6 16. axb4 Bb5 17. Rfc1 Rd8 18. h4 Be8 19. e3 Nc6 20. Na6 Rac8 21. Bf1 Be7 22. Rc5 Bxc5 23. dxc5 Qb7 24. b5 Ne7 25. c6 Nxc6 26. bxc6 Rxc6 27. Nd4 Rb6 28. b4 e5 29. Nb3 Qe7 30. Nbc5 Bb5 31. Bxb5 Rxb5 32. e4 d4 33. Nd3 Rc8 34. Rc1 Rxc1+ 35. Qxc1 h6 36. Qc8+ Kh7 37. Nc7 1-0